| 000 | 00513cam a2200181 a 4500 | ||
|---|---|---|---|
| 020 | _a8170175003 | ||
| 020 | _a9788170175001 | ||
| 082 | 0 | 0 |
_a782.009 54 _bJAY/H |
| 100 | 1 | _aJayashree Thatte Bhat | |
| 245 | 1 | 0 |
_aHindustani vocal music: _bas seen outside India/ _cJayashree Thatte Bhat |
| 260 |
_aNew Delhi : _bAbhinav Publications, _c2009. |
||
| 300 |
_a472 p., [12] p. of plates : _bcol. ill. ; |
||
| 500 | _aIncludes index. | ||
| 650 | 0 | _aHindustani Music | |
| 650 | 0 | _aMusic | |
| 650 | 0 | _aArts | |
| 942 | _cBK | ||
| 999 |
_c57427 _d57427 |
||